MARC

LEADER 00000nam0a2200000 4500
001 170485
005 20231031163714.0
020 |a RU  |b 86-47816 
035 |a (RuTPU)RU\TPU\book\184886 
090 |a 170485 
100 |a 20091123d1986 m y0rusy5003 ca 
101 0 |a rus 
102 |a RU 
105 |a a z 000ay 
200 1 |a Наступает ударная  |f Г. Г. Семенов  |g лит. запись В. Д. Успенский 
205 |a 2-е изд., испр. 
210 |a Москва  |c Воениздат  |d 1986 
215 |a 285,[2] с., [10] л. ил.  |c ил.  |d 20 см 
225 1 |a Военные мемуары 
601 1 2 |a Ударная армия (3)  |d (3) 
610 1 |a Великая Отечественная война 1941-1945 гг. 
610 1 |a воспоминания 
675 |a 9(С)27  |z rus 
700 1 |a Семенов  |b Г. Г.  |g Георгий Гаврилович  |4 070 
702 1 |a Успенский  |b В. Д.  |4 010 
801 0 |a RU  |b RuMRKP  |c 19950704  |g psbo 
801 1 |a RU  |b 63413507  |c 20091123 
801 2 |a RU  |b 63413507  |c 20140303  |g RCR 
942 |c BK